000 01603nam a2200397 a 4500
001 41948
003 BD-RjUL
005 20211209053455.0
008 160608s1942 enk 000 0 eng
035 _a(BD-RjUL)42066
040 _aANL
_beng
_erda
_dANL
_d(BD-RjUL)
_cBD-RjUL
041 _aeng
082 0 _a940.531
_223
_bEIA 1942
100 1 _aEinzig, Paul
_d1897-1973.
_9128922
245 1 0 _aAppeasement before, during and after the war /
_cby Paul Einzig.
260 _aLondon,
_bMacmillan and Co.,
_c1942.
300 _axii, 215 p. ;
_c22 cm.
500 _a"First edition, November 1941. Reprinted, with corrections, January 1942."
650 0 _aPeace
_9124213
650 0 _aWorld War, 1939-1945
_xEconomic aspects
_9128923
650 7 _aEconomic history
_2fast
_9128924
650 7 _aEconomics.
_2fast
_9128925
650 7 _aInternational relations.
_2fast
_9128926
650 7 _aPeace
_2fast
_9124213
650 7 _aPolitical science
_2fast
_9128927
651 0 _aEurope
_xPolitics and government
_y1918-1945.
_9128336
651 0 _aEurope
_xPolitics and government
_y20th Century.
_9128928
651 0 _aGermany
_xForeign relations
_y1918-1945.
_9128929
651 0 _aGermany
_xForeign relations
_y20th Century
_9128930
651 0 _aEurope
_xEconomic conditions
_y1918-1945.
_9128931
651 0 _aEurope
_xEconomic conditions
_y20th Century.
_9128932
651 7 _aEurope.
_2fast
_9128933
651 7 _aGermany.
_2fast
_9128934
776 0 8 _iOnline version:
_aEinzig, Paul, 1897-1973.
_tAppeasement before, during and after the war.
_dLondon, Macmillan and Co., 1942
_w(OCoLC)562262318
942 _2ddc
_cBK
999 _c41948
_d41948